| 000 | 01867nam a2200277 i 4500 | ||
|---|---|---|---|
| 001 | 000046107 | ||
| 003 | DO-SdBNP | ||
| 005 | 20240510145807.0 | ||
| 007 | ta | ||
| 008 | 150622s1992 dr ac 000 0 spa d | ||
| 040 |
_aDO-SdBNP _bspa _cBNPHU _erda |
||
| 082 | 4 | _222 | |
| 100 | 1 |
_aPadilla D'onis, Luis, _d1881- _974172 _eautor |
|
| 245 | 1 | 0 |
_aGaleria de dominicanos ilustres : _bJuan Pablo Duarte y sus descendientes / _cLuis Padilla D'onis ; prólogo, Raimundo Tirado C. |
| 264 |
_aSanto Domingo : _bTalleres de Litografía Industrial Dominicana, _c1992. |
||
| 300 |
_a237 páginas: _bilustraciones, retratos ; _c23 cm. |
||
| 336 |
_2rdacontent _atexto _btxt |
||
| 337 |
_2rdamedia _asin mediación _bn |
||
| 338 |
_2rdacarrier _avolumen _bnc |
||
| 500 | _aIncluye referencias bibliográficas y notas al pie de las páginas. | ||
| 500 | _aIncluye datos biográficos del autor | ||
| 505 | 0 |
_aNueva versión de la vida de Juan Pablo Duarte -- _tLa odisea de una madre -- _tAlborear de la independenica Nacional -- _tLa discutida personalidad de Pedro Santana -- _tSantana en campaña -- _tRetirada de Santana -- _tDuarte en tránsito del exilio -- _tAnálisis de la política dominicana -- _tDuarte en la frontera brasileña-venezolana -- _tDuarte en el exilio -- _tLo que significa Sandalia en la historia de Duarte -- _tLa odisea de una hija -- _tEl ascetismo de Duarte -- _tUn cambio brusco de camino -- _tDuarte se ausenta de San Felipe -- _tLa muerte del justo -- _tLas descendencias de Juan Pablo Duarte -- _tTraslados de los restos del prócer, apoteosis final -- _tAsí hablaba Meriño -- _tConsideraciones finales -- _tÍndice de personas, lugares y materias -- _tApéndice -- _tDatos sobre el autor -- _tAcróstico a los padres de la patria. _tEl ascetismo de Duarte -- |
|
| 590 | _aInventariado, 2024/BT | ||
| 700 | 1 |
_aTirado C., Raimundo, _eprólogo _974173 |
|
| 942 |
_2ddc _cLBS1 |
||
| 999 |
_c45596 _d45596 |
||